Personnages de Toriko - Statistiques

Statistiques générales
  • Ce quiz a été pris 329 fois
  • Le résultat moyen est 24 sur 203
Statistiques - réponses
Statut Personnage % Correct
Membre des Quatre Rois des Gourmet Hunters Toriko
94%
Membre des Quatre Rois des Gourmet Hunters et devin Coco
76%
Membre des Quatre Rois des Gourmet Hunters Zebra
74%
Membre des Quatre Rois des Gourmet Hunters Sunny
71%
Dieu Gourmet Acacia
62%
Cuisinier partenaire de l'un des Quatre Rois (88è au Cooking Festival) Komatsu
62%
Animal de compagnie de l'un des Quatre Rois Terry Cloth
47%
Gourmet Hunter "Roi de l'étourdissement" et deuxième disciple du Dieu Gourmet Jirô
44%
Ancien président de l'OIG et premier disciple du Dieu Gourmet Ichiryû
41%
Cuisinière et Trésor national (2è au Cooking Festival) Setsuno
41%
Chef de la Gourmet Corp. et troisième disciple du Dieu Gourmet Midora
38%
Directrice du centre de recherches de l'OIG Rin
38%
Grossiste Tom
38%
Gourmet Reviver Teppei
35%
Animal de compagnie de l'un des Quatre Rois Kiss
32%
Chef des Gourmet Yakuzas Match
32%
Animal de compagnie de l'un des Quatre Rois Queen
32%
Chef des Chevaliers Gourmet Aimaru
26%
Souverain Roi-Singe de la zone 7 Bambina
26%
Maître du Temple de Bois Gourmet et Trésor national Chin Chinchin
26%
Directrice de Honey Prison et employée du biotope 0 Love
26%
Sous-chef cuisinier de la Gourmet Corp. Grinpatch
24%
Président de l'OIG Mansome
24%
Sous-chef de la Gourmet Corp. Starjune
24%
Chevalier Gourmet Takimaru
24%
Sous-chef cuisinier de la Gourmet Corp. Tommyrod
24%
Gourmet Hunter Zonge
24%
Ermite du goût Chichi
21%
Souverain Roi-Cheval de la zone 8 Heracles
21%
Cuisinier de la Gourmet Corp. Ootaké
21%
Cuisinier "Surnaturel" (3è au Cooking Festival) Brunch le Tengu
18%
Cuisinière "divine" partenaire du Dieu Gourmet Frohze
18%
Ermite du goût Kaka
18%
Cuisinier et ancien boss de la ligue de cuisine clandestine (17è au Cooking Festival) Livebearer
18%
Coutelière Merck Deuxième du nom
18%
Coutelier et employé du biotope 0 Merck Premier du nom
18%
Nitro bleu siégeant à Dining Planet Pair
18%
Gourmet Reviver et employé du biotope 0 Yosaku
18%
Chef de la 2è section de la Gourmet Corp.
18%
Chevalier Gourmet Akimaru
15%
Cuisinière de l'Auberge Invisible (15è au Cooking Festival) Chiru
15%
Ancien chef des Gourmet Yakuzas et employé du biotope 0 Ryû
15%
Architecte Gourmet Smile
15%
Cuisinier membre de Neo "Roi des fourneaux" (1er au Cooking Festival) Zaus
15%
Serveur de la Gourmet Corp. et bras droit du boss Alfaro
12%
Chirurgienne-Cuisinière Gourmet employée du biotope 0 Atashino
12%
Singe vivant dans la zone 7 Aye-Aye
12%
Forgeron ancien employé du biotope 0 et membre de Neo Kuribô
12%
Figure littéraire Gourmet et Trésor national Malisman
12%
Cuisinière "Pionnière de la restauration sous-marine" (29è au Cooking Festival) Mami
12%
Femme d'un Gourmet Hunter possédant une Pouletigre Miko
12%
Cuisinier membre malgré lui de Neo Nakaumé
12%
Chef du village Ecoland Nonchy
12%
Membre des Gourmet Seven Patch
12%
Chevalier Gourmet Raimaru
12%
Gourmet Yakuza Ram
12%
Expert en arts martiaux-Gourmet Hunter et employé du biotope 0 Sakura
12%
Ancien vice-président de l'OIG et membre de Neo Shigematsu
12%
Gourmet Yakuza Shin
12%
Animal de compagnie d'un cuisinier Yoon
12%
Ancien membre des Gourmet Seven et membre de Neo Ahmon
9%
Cuisinier "Maître de la fumée" (73è au Cooking Festival) Ahn
9%
Top Serveuse au Maid Café * Akemi
9%
Serveuse de l'Auberge Invisible dans les scènes coupées Anyo
9%
Membre des Gourmet Seven Apollon
9%
Sous-directeur de Honey Prison Aubin
9%
Chef de la 4è section de la Gourmet Corp. Barrygamon
9%
Ancienne cuisinière de l'Auberge Invisible et membre de la Gourmet Corp. Chiyo
9%
Bandit Gourmet emloyé du biotope 0 Goblin Ramon
9%
Cuisinier chef de Neo et enfant de la cuisinière divine Joah
9%
Concepteur des GT robots de la Gourmet Corp. (6è section) Joejoe
9%
Chevalier Gourmet Kagemaru
9%
Cuisinier "Chanteur" (26è au Cooking Festival) Koyubi
9%
Ancien Mousquetaire de la cuisine ensorcelante Mappy
9%
Président de Gourmet Tourism milliardaire Gourmet et membre de Neo Marmaï Moï
9%
Pouletigre Meeko
9%
Assassin et employé du biotope 0 Megalodras
9%
Cuisinière "Mamie miso" (54è au Cooking Festival) Mémé Kama
9%
Devin Gourmet Monchy
9%
Tenancier du Heavy Lodge Morijii
9%
Tortue * Moririn
9%
Elève d'un Trésor national Nono
9%
Animal de compagnie de couteliers Pochiko
9%
Astronome Gourmet-Gourmet Hunter et employé du biotope 0 Rala
9%
Gourmet Hunter et employé du biotope 0 Rapp
9%
Prisonnier à Honey Prison Rick
9%
Gourmet Yakuza Rui
9%
Directeur général de l'Hôtel Gourmet Smith
9%
Cuisinière directrice de la cantine d'une école culinaire (10è au Cooking Festival) Sumiré
9%
Cuisinier "Désintoxiqueur" (19è au Cooking Festival) Tairan
9%
Cuisinier "Spécialiste de la cuisine à grande vitesse" (33è au Cooking Festival) Ton
9%
Cuisinier "Spécialiste de l'huile" (14è au Cooking Festival) Wabutora
9%
Responsable administratif de l'OIG Wine
9%
Cuisinier "Roi de la table", "As du millième" et "Mandarin de la cuisine médicinale" (5è au Cooking Festival) Yuda
9%
Cuisinier "Prince des desserts" (6è au Cooking Festival) Anyo Jr.
6%
Cuisinier membre de Neo "Précurseur de la cuisine sidérale" (27è au Cooking Festival) Appolo
6%
Grossiste Baty de Tsukiji
6%
Sbire de la Gourmet Corp. (6è section) Bey le Bouffe-Tout
6%
Chef de la 5è section de la Gourmet Corp. Bogeywoods
6%
Ancien chef cuisinier de la Gourmet Corp. membre de Neo Boneless
6%
Responsable financier de l'OIG Bull
6%
Chef de la 6è section de la Gourmet Corp. Cedre
6%
Patron du Numoncyuga Chiharu
6%
Serveur de l'Auberge Invisible Chirin
6%
Réceptionniste de Honey Prison Chupali
6%
Cuisinier "Spécialiste de la cuisine unique" (7è au Cooking Festival) CM Goron
6%
Président de Gourdarake archimilliardaire Gourmet et membre de Neo Colonel Mokkoi
6%
Maître en second du Temple de Bois Gourmet Coppoh
6%
Cuisinière "Reine de la cuisine atypique" (24è au Cooking Festival) Copriko
6%
Cuisinier "Roi du curry" (4è au Cooking Festival) Damala Sky (Treizième du nom)
6%
Ancien chef cuisinier général de la Gourmet Corp. et membre de Neo Dores
6%
Chef de la 1ère section de la Gourmet Corp. Elg
6%
Chef du royaume de la nourriture ensorcelante Ermite Dharma
6%
Cuisinier "Révolutionnaire de l'oden" (21è au Cooking Festival) Genchan
6%
Gourmet Hunter "Chef de bande Gourmet" employé du biotope 0 Guemon
6%
Directeur du développement culinaire de l'OIG Johannes
6%
Ancien Gourmet Reviver attitré de la Gourmet Corp. et membre de Neo Kaitora
6%
Membre des Gourmet Seven Kitt
6%
Cuisinier "Prince de la cuisine exotique" (12è au Cooking Festival) Klaraman
6%
Cuisinier "Maître des ramen" (9è au Cooking Festival) Kurakage
6%
Ancien chef cuisinier de la Gourmet Corp. membre de Neo Kuromado
6%
Sommelière de la Gourmet Corp. Limon
6%
Lièvre * Lucy
6%
Cuisinier (22è au Cooking Festival) Lulubhu
6%
Chiropracteur Gourmet et employé du biotope 0 Malee
6%
Cuisinière (31è au Cooking Festival) Mama Tsurara
6%
Magicien Gourmet-Gourmet Hunter et employé du biotope 0 Manan
6%
PDG de Muscle Company * Morgan Muscle
6%
Ancien majordome de l'ancien président de l'OIG Morton
6%
Gourmet Reviver membre de Neo et Trésor national Môyan Shaïshaï
6%
Responsable des relations publiques de l'OIG Narloyd
6%
Cuisinier "Roi de l'udon de caractère" (56è au Cooking Festival) Nerimaru
6%
Ancien assistant au chef cuisinier général de la Gourmet Corp. et membre de Neo Niceny
6%
Tirelire vendant des rêves * Nicolas
6%
Ancien Mousquetaire de la cuisine ensorcelante Noppekichi
6%
Prisonnier à Honey Prison Norisuke
6%
Gourmet Hunter Mousquetaire de la cuisine ensorcelante Nosh le Kappa
6%
Prêtre Gourmet Pahpoh
6%
Membre des Gourmet Seven Painomi
6%
Coiffeur Gourmet Pen
6%
Cuisinière "Boulangère de génie" (8è au Cooking Festival) Pippi
6%
Informateur du présentateur du Cooking Festival Poilonez
6%
Présentateur du Cooking Festival Poilotorse
6%
DJ Gourmet Ponkochi
6%
Gourmet Reviver Pookeen
6%
Gardien en chef de Honey Prison Pricom
6%
Directeur de la défense de l'OIG Rei
6%
Cuisinier "Empereur de la cuisine chinoise" (18è au Cooking Festival) Reishun
6%
Animal de compagnie du président de l'OIG Ricky
6%
Cuisinier "Maître des sushis" (30è au Cooking Festival) Rikiya
6%
Héros * Saburô
6%
Tortue anciennement humaine * Sébastien Surlepoint
6%
Maître en second du Temple de Bois Gourmet Shû
6%
Petit garçon dont la mère est malade Suguru
6%
Guerrier-Gourmet Hunter et employé du biotope 0 Tack
6%
Ancien Mousquetaire de la cuisine ensorcelante Takeshi
6%
Ancien élève du lycée Saru * Tamio Moguri
6%
Employé de Muscle Company * Tanaka
6%
Capitaine des Forces Spéciales Gourmet Thor
6%
Ancien membre des Gourmet Seven et membre de Neo Toppo
6%
Chevalier Gourmet Tsukimaru
6%
Ancien secrétaire général de l'OIG et membre de Neo Ûmen Umeda
6%
Maître en second du Temple de Bois Gourmet Wagon
6%
Gourmet Hunter possédant une Pouletigre Yocchi
6%
Cuisinier "Pro des abats" (16è au Cooking Festival) Yûji
6%
Chevalier Gourmet Yukimaru
6%
Journaliste * Yuria
6%
Responsable du garde-manger de la Gourmet Corp. Zaragira
6%
Sbire de la Gourmet Corp. (6è section) Zyper l'Homme-Mystère
6%
Prisonnier à Honey Prison Baidan
3%
Sbire de la Gourmet Corp. Bail
3%
Chasseur de primes Gourmet-Gourmet Hunter Bulbo
3%
Cuisinier "Spécialiste de la cuisine colossale" (25è au Cooking Festival) Darin
3%
Ancien souverain du royaume de Jidal et membre de Neo Darnil Khan
3%
Gourmet Reviver Mousquetaire de la cuisine ensorcelante Dinner l'Ogre Bleu
3%
Sbire de la Gourmet Corp. (6è section) Dohsa le Yéti
3%
Gourmet Hunter n°1 des concours de nourriture des îles du Sud Drunker
3%
Gardien en chef du point de passage n°18 Elbow
3%
Footballeur ayant joué au lycée Saru * Eriya Katô
3%
Responsable juridique de l'OIG Glass
3%
Recruteur de la Gourmet Corp. Glu
3%
Gorillaraignée vivant au royaume de la cuisine ensorcelante Gorirô
3%
Professeur à l'école Denfert * Gorô Magnum
3%
Journaliste Gourmet Hatch
3%
Cuisinier "As des brochettes" (13è au cooking Festival) Horis Trois Yeux
3%
Footballeur ayant joué au lycée Kumine * Ishida
3%
Animal de compagnie d'un sous-chef cuisinier de la Gourmet Corp. Jack
3%
Maréchal des forces alliées Janpin
3%
Chef de la 3è section de la Gourmet Corp. Jerryboy
3%
Prisonnier à Honey Prison Joymal
3%
Cuisinier "Ermite des soba" (34è au Cooking Festival) Kamizaru
3%
Ancien chef cuisinier de la Gourmet Corp. membre de Neo Kariu
3%
Gourmet Hunter-Cuisinier créé par un lecteur français (apparu dans les bonus du tome 9) Kenchi
3%
Footballeur ayant joué au lycée Kumine * Kobayashi
3%
Ermite Gourmet ancien employé du biotope 0 et membre de Neo Kôsairô
3%
Héros * Limbo Da Vincin
3%
Cuisinier "Amiral des boulettes de riz" (34è au Cooking Festival) Makubee
3%
Commandant en chef du Gourmet Coliseum Marilyn
3%
Cuisinier "Magicien de la pâtisserie" (11è au Cooking Festival) Mitsurô
3%
Recruteur pour les Naniwa Reds * Molly
3%
Journaliste pour le magazine Calorie Morita
3%
Ancien membre des Gourmet Seven et membre de Neo Nomarch
3%
Elève de l'école Denfert * Ponta Yamada
3%
Aucun quiz correspondant
Distribution des résultats
% des personnes avec chaque résultat
Percentile par nombre de réponses
Votre historique - résultats
Vous n’avez pas pris ce quiz